Which East African Country… - Statistics

General Stats
  • This quiz has been taken 12 times
  • The average score is 15 of 25
Answer Stats
Hint Answer % Correct
…formed in 1964 with the union of Zanzibar and Tanganyika? Tanzania
100%
…gained independence in 2011 following a bloody war with its northern neighbor? South Sudan
92%
…was once known as Abyssinia? Ethiopia
83%
…has produced many of the world’s fastest long-distance runners? Kenya
83%
…gained independence in 1992 following a bloody war with Ethiopia? Eritrea
75%
…has a population of over 110 million? Ethiopia
75%
…has roughly 90% of its wildlife found nowhere else on Earth, nicknamed “the eighth continent”? Madagascar
75%
…bears an AK-47 on its flag? Mozambique
75%
…is home to many geographical wonders, such as Mount Kilimanjaro and the Serengeti? Tanzania
75%
…is home to Dar es Salaam, a port city meaning “city of peace” in Arabic? Tanzania
75%
…is only approximately 26m from Yemen, separated by the Gulf of Aden? Djibouti
67%
…was the only African country never officially colonized? Ethiopia
67%
…is named for its tallest mountain, the second-tallest in all of Africa? Kenya
67%
…was the origin of the dodo bird? Mauritius
67%
…bears a Maasai shield and spears on its flag? Kenya
58%
…was settled between 500 and 700 AD by seafarers from Borneo, and has Austronesian roots to this day? Madagascar
58%
…gets its name from one of the African Great Lakes, which sits on its eastern border? Malawi
58%
…is the origin of peri-peri cooking, which blends African and Portuguese flavors? Mozambique
58%
…is frequently ranked alongside South Sudan as the poorest nation in the world by GDP per capita? Burundi
50%
…is the only Arab nation completely in the southern hemisphere? Comoros
50%
…bears the grey-crowned crane on its flag? Uganda
50%
…has the longest coastline in Africa? Somalia
25%
…is home to half of the world’s mountain gorillas? Uganda
25%
…observes a bi-monthly car free Sunday to reduce air pollution and promote healthy living? Rwanda
17%
…has a parliament that is over 60% female? Rwanda
17%
No matching quizzes found
Score Distribution
Percent of People with Each Score
Percentile by Number Answered
Your Score History
You have not taken this quiz